[Event "Ozieri op 13th"]
[Site "Ozieri"]
[Date "2014.08.02"]
[Round "7"]
[White "Paoli, Guillaume"]
[Black "Passalacqua, Tullio"]
[Result "1-0"]
[WhiteElo "1829"]
[BlackElo "1663"]
[PlyCount "83"]
[EventDate "2014.07.31"]
[EventType "swiss"]
[EventRounds "7"]
[EventCountry "ITA"]
[SourceTitle "EXT 2016"]
[Source "ChessBase"]
[SourceDate "2015.10.08"]
[SourceVersion "1"]
[SourceVersionDate "2015.10.08"]
[SourceQuality "1"]

1. c4 c6 2. e4 e6 3. Nc3 Bb4 4. Nf3 Ne7 5. d4 d5 6. Bd3 dxc4 7. Bxc4 h6 8. 0-0 Nd7 9. a3 Bxc3 10. bxc3 Nb6 11. Bd3 0-0 12. e5 Nd7 13. Bc2 f6 14. exf6 Nxf6 15. Ne5 c5 16. Qd3 Qd5 17. Rb1 b6 18. Re1 Bb7 19. Nf3 c4 20. Qe2 Rae8 21. Qxe6+ Qxe6 22. Rxe6 Bxf3 23. gxf3 Nfd5 24. Bd2 Rxf3 25. Rbe1 Rf6 26. Rxf6 gxf6 27. Bxh6 Kf7 28. Bd2 Nc6 29. Bg6+ Kxg6 30. Rxe8 Nde7 31. Kg2 Kf5 32. Kf3 Ke6 33. h4 Kf7 34. Rh8 Ng6 35. Rh7+ Kg8 36. Rc7 Nge7 37. Bf4 Kf7 38. Bd6 Ke6 39. Bxe7 Nxe7 40. Rxe7+ Kxe7 41. h5 a5 42. Ke2 1-0

[Event "Ozieri op 13th"]
[Site "Ozieri"]
[Date "2014.08.01"]
[Round "3"]
[White "Paoli, Guillaume"]
[Black "Locci, Damiano"]
[Result "1-0"]
[WhiteElo "1829"]
[BlackElo "2113"]
[PlyCount "109"]
[EventDate "2014.07.31"]
[EventType "swiss"]
[EventRounds "7"]
[EventCountry "ITA"]
[SourceTitle "EXT 2016"]
[Source "ChessBase"]
[SourceDate "2015.10.08"]
[SourceVersion "1"]
[SourceVersionDate "2015.10.08"]
[SourceQuality "1"]

1. c4 f5 2. Nc3 Nf6 3. g3 g6 4. Bg2 Bg7 5. e3 0-0 6. Nge2 d6 7. 0-0 e5 8. d4 c6 9. b3 Na6 10. Bb2 Be6 11. d5 cxd5 12. Nxd5 Nxd5 13. Bxd5 Qe7 14. Qd2 Rfd8 15. f4 Qf7 16. Nc3 Nc5 17. Bxe6 Qxe6 18. Nd5 Rac8 19. Nc3 e4 20. Nd5 Qf7 21. Bd4 Nd3 22. Bxa7 Bxa1 23. Rxa1 b5 24. Bb6 Rd7 25. Bd4 Rb7 26. Nf6+ Kf8 27. Qa5 bxc4 28. Qa6 Qe7 29. bxc4 Nc5 30. Qa3 Ne6 31. Nd5 Qd8 32. Bf6 Qd7 33. Be7+ Kf7 34. Qc3 Nc7 35. Qf6+ Kg8 36. Nxc7 Rbxc7 37. Bxd6 Rxc4 38. Be5 Rc1+ 39. Rxc1 Rxc1+ 40. Kg2 Rc2+ 41. Kh3 Rc6 42. Qh8+ Kf7 43. Qxh7+ Ke6 44. Qxg6+ Kd5 45. Qg8+ Re6 46. Qa8+ Kc4 47. Bd4 Rh6+ 48. Kg2 Rc6 49. Qb8 Kd3 50. Qb5+ Kd2 51. Kf2 Qc8 52. Qe2+ Kc1 53. Ke1 Rc3 54. Qd2+ Kb1 55. Bxc3 1-0

[Event "Ozieri op 13th"]
[Site "Ozieri"]
[Date "2014.08.01"]
[Round "2"]
[White "Saddi, Giorgio"]
[Black "Paoli, Guillaume"]
[Result "0-1"]
[WhiteElo "1428"]
[BlackElo "1829"]
[PlyCount "64"]
[EventDate "2014.07.31"]
[EventType "swiss"]
[EventRounds "7"]
[EventCountry "ITA"]
[SourceTitle "EXT 2016"]
[Source "ChessBase"]
[SourceDate "2015.10.08"]
[SourceVersion "1"]
[SourceVersionDate "2015.10.08"]
[SourceQuality "1"]

1. e4 c5 2. c4 Nc6 3. d3 g6 4. Be3 Bg7 5. Nc3 Nd4 6. Nf3 e6 7. Rc1 Ne7 8. b4 Nxf3+ 9. Qxf3 cxb4 10. Nb5 0-0 11. Be2 d6 12. 0-0 b6 13. Nd4 Bb7 14. Bd2 Bxd4 15. Bxb4 f5 16. Qg3 f4 17. Qg4 Bc8 18. Bf3 e5 19. Qh4 Nc6 20. Qxd8 Rxd8 21. Bd2 g5 22. g4 Bc5 23. Rb1 Nd4 24. Bd1 a5 25. a4 f3 26. Bxg5 Rf8 27. h3 Ra7 28. Bh6 Rf6 29. Bg5 Rg6 30. Bh4 Rh6 31. Bd8 Rxh3 32. Bxb6 Rg7 0-1

[Event "Porticcio op 12th"]
[Site "Porticcio"]
[Date "2010.04.04"]
[Round "5"]
[White "Merle, Mateo"]
[Black "Paoli, Guillaume"]
[Result "0-1"]
[WhiteElo "1615"]
[BlackElo "1785"]
[PlyCount "48"]
[EventDate "2010.04.01"]
[EventType "swiss"]
[EventRounds "9"]
[EventCountry "FRA"]
[SourceTitle "EXT 2012"]
[Source "ChessBase"]
[SourceDate "2011.11.24"]
[SourceVersion "1"]
[SourceVersionDate "2011.11.24"]
[SourceQuality "1"]

1. e4 c5 2. Nf3 e6 3. d4 cxd4 4. Nxd4 Nf6 5. Nc3 Nc6 6. Bg5 Bb4 7. Nf3 h6 8. Bh4 g5 9. Bg3 Nxe4 10. Qd3 d5 11. Nd4 Qf6 12. f3 Qxd4 13. Qxd4 Nxd4 14. fxe4 Nxc2+ 15. Kd2 Nxa1 16. Bb5+ Bd7 17. Bxd7+ Kxd7 18. Rxa1 d4 19. Kc2 dxc3 20. Be5 Rhc8 21. Rd1+ Ke7 22. b3 Rd8 23. Rxd8 Rxd8 24. Bxc3 Rc8 0-1

[Event "Corsica-chT"]
[Site "Ponte Leccia"]
[Date "2010.03.28"]
[Round "2"]
[White "Leibenguth, Jean"]
[Black "Paoli, Guillaume"]
[Result "0-1"]
[WhiteElo "1724"]
[BlackElo "1785"]
[PlyCount "28"]
[EventDate "2010.03.28"]
[EventType "team-tourn"]
[EventRounds "9"]
[EventCountry "FRA"]
[SourceTitle "EXT 2012"]
[Source "ChessBase"]
[SourceDate "2011.11.24"]
[SourceVersion "1"]
[SourceVersionDate "2011.11.24"]
[SourceQuality "1"]

1. e4 c5 2. Nf3 e6 3. d4 cxd4 4. Nxd4 Nf6 5. e5 Qa5+ 6. Nc3 Qxe5+ 7. Be3 Nc6 8. Qd2 Bb4 9. Nf3 Qa5 10. Nd4 Ne4 11. Qd3 Nxc3 12. bxc3 Bxc3+ 13. Bd2 Bxd2+ 14. Qxd2 Qxd2+ 0-1

[Event "FRA-ch opA U18"]
[Site "Calvi"]
[Date "2005.04.??"]
[Round "2"]
[White "Azouit, Remi"]
[Black "Paoli, Guillaume"]
[Result "0-1"]
[WhiteElo "1830"]
[BlackElo "1530"]
[PlyCount "56"]
[EventDate "2005.04.??"]
[EventType "swiss"]
[EventRounds "9"]
[EventCountry "FRA"]
[SourceTitle "EXT 2006"]
[Source "ChessBase"]
[SourceDate "2005.11.24"]
[SourceVersion "1"]
[SourceVersionDate "2005.11.24"]
[SourceQuality "1"]

1. e4 e5 2. Nf3 Nc6 3. Bc4 Nf6 4. d3 Bc5 5. Bg5 h6 6. Bh4 d6 7. h3 Qe7 8. Nc3 Be6 9. Nd5 Bxd5 10. Bxd5 g5 11. Bg3 Nxd5 12. exd5 Nd4 13. c3 Nxf3+ 14. Qxf3 0-0-0 15. 0-0-0 Qd7 16. Kb1 f5 17. Qe2 Rde8 18. f3 Qf7 19. c4 Bd4 20. Bf2 f4 21. Rhe1 Kd8 22. Qc2 h5 23. Bxd4 exd4 24. Re4 Qf6 25. Qf2 g4 26. Rxd4 g3 27. Qg1 Re2 28. a3 Rf2 0-1